| 000 | 01078nam a2200253 a 4500 | ||
|---|---|---|---|
| 001 | 84348 | ||
| 003 | BD-RjUL | ||
| 005 | 20241124111401.0 | ||
| 008 | 241124s2012 bg a|||| m||| 00| 0 eng d | ||
| 035 | _a(BD-RjUL)84348 | ||
| 040 |
_aBD-RjUL _beng _cBD-RjUL _dBD-RjUL |
||
| 041 | _aeng | ||
| 082 |
_a372.95492 _223 _bDEP 2014 |
||
| 100 |
_aHossain, Md. Delwar _914384 |
||
| 245 |
_aParental Socio-Economic status and their Children's primary education : _bA comparative study on santal and organ communities in rural Bangladesh / _cby Md. Delwar Hossain ; _6Supervisor Md. Jalal Uddin, Co-supervisor Md. Emaj Uddin |
||
| 260 |
_aRajshahi : _bInstitute of Education and Research (IER), University of Rajshahi, _c2014 |
||
| 300 |
_aix, 55 p. ; _c29 cm. |
||
| 502 | _aThesis (M. phil.) -- Institute of Education and research (IER), University of Rajshahi, 2014 | ||
| 504 | _aBibliography: leaves [45-53] | ||
| 650 |
_aPrimary Education _zBangladesh _97004 |
||
| 700 |
_aUddin, Jalal, Suvervisor _9633 |
||
| 700 |
_aUddin, Md. Emaj, Co-supervisor _914385 |
||
| 942 |
_2ddc _cTHE |
||
| 999 |
_c84348 _d84348 |
||